[Event "BUL-chT2"]
[Site "Sunny Beach"]
[Date "2014.09.24"]
[Round "6.2"]
[White "Dobrev, Nayden"]
[Black "Vaklinov, Vasil"]
[Result "1-0"]
[WhiteElo "2310"]
[BlackElo "2166"]
[PlyCount "66"]
[EventDate "2014.09.19"]
[EventType "team-swiss"]
[EventRounds "7"]
[EventCountry "BUL"]
[SourceTitle "EXT 2015"]
[Source "ChessBase"]
[SourceDate "2014.11.20"]
[SourceVersion "1"]
[SourceVersionDate "2014.11.20"]
[SourceQuality "1"]
[WhiteTeam "Dobrich Energiya 21"]
[BlackTeam "Blagoevgrad Victory"]
[WhiteTeamCountry "BUL"]
[BlackTeamCountry "BUL"]

1. d4 c5 2. d5 e5 3. e4 d6 4. Be3 Be7 5. Qd2 Nf6 6. f3 0-0 7. Ne2 b5 8. Ng3 a6 9. a4 b4 10. a5 Re8 11. Qf2 g6 12. Nd2 Bd7 13. Bd3 Bb5 14. Qe2 Bxd3 15. cxd3 Nbd7 16. Nc4 h5 17. Qf2 Rb8 18. b3 h4 19. Ne2 Nh5 20. f4 Ndf6 21. Qf3 exf4 22. Nxf4 Nxf4 23. Bxf4 Nh5 24. 0-0 Nxf4 25. Qxf4 Rf8 26. Rf3 Kg7 27. Raf1 Rb7 28. Kh1 f5 29. exf5 Rxf5 30. Qg4 Rxf3 31. Rxf3 Bg5 32. Nxd6 Qxd6 33. Qxg5 Qe7 1-0

[Event "BUL-chT2"]
[Site "Sunny Beach"]
[Date "2014.09.20"]
[Round "2.2"]
[White "Parvanov, Mitko"]
[Black "Dobrev, Nayden"]
[Result "0-1"]
[WhiteElo "1949"]
[BlackElo "2310"]
[PlyCount "55"]
[EventDate "2014.09.19"]
[EventType "team-swiss"]
[EventRounds "7"]
[EventCountry "BUL"]
[SourceTitle "EXT 2015"]
[Source "ChessBase"]
[SourceDate "2014.11.20"]
[SourceVersion "1"]
[SourceVersionDate "2014.11.20"]
[SourceQuality "1"]
[WhiteTeam "Slivnitsa Geroy"]
[BlackTeam "Dobrich Energiya 21"]
[WhiteTeamCountry "BUL"]
[BlackTeamCountry "BUL"]

1. e4 c5 2. Nf3 e6 3. c3 Nf6 4. e5 Nd5 5. d4 cxd4 6. cxd4 d6 7. Nc3 Nxc3 8. bxc3 Bd7 9. Bd3 Bc6 10. 0-0 Nd7 11. Re1 dxe5 12. Nxe5 Nxe5 13. Rxe5 Bd6 14. Rh5 g6 15. Bg5 Qa5 16. Bf6 gxh5 17. Bxh8 Qg5 18. d5 Bxd5 19. g3 Ke7 20. Bd4 h4 21. Qe1 Qg4 22. Qe3 h5 23. Be2 Qh3 24. Bf1 Qf5 25. c4 Bc6 26. Be2 Rg8 27. Re1 hxg3 28. fxg3 0-1

[Event "BUL-chT GpA 63rd"]
[Site "Sunny Beach"]
[Date "2013.09.24"]
[Round "6.4"]
[White "Dobrev, Nayden"]
[Black "Yanev, Tihomir"]
[Result "1/2-1/2"]
[WhiteElo "2311"]
[BlackElo "2424"]
[PlyCount "75"]
[EventDate "2013.09.19"]
[EventType "team-tourn"]
[EventRounds "7"]
[EventCountry "BUL"]
[SourceTitle "CBM 156 Extra"]
[Source "ChessBase"]
[SourceDate "2013.10.22"]
[SourceVersion "1"]
[SourceVersionDate "2013.10.22"]
[SourceQuality "1"]
[WhiteTeam "Dobrich Energiya 21"]
[BlackTeam "Plovdiv Lokomotiv"]
[WhiteTeamCountry "BUL"]
[BlackTeamCountry "BUL"]

1. Nf3 d5 2. g3 Nf6 3. d3 Bg4 4. Bg2 c6 5. b3 Nbd7 6. Bb2 e6 7. Nbd2 a5 8. a4 Bc5 9. 0-0 0-0 10. e4 dxe4 11. dxe4 b5 12. h3 Bh5 13. Qe2 bxa4 14. Rxa4 Nb6 15. Raa1 a4 16. e5 a3 17. exf6 axb2 18. Rxa8 Qxa8 19. Qe5 Qa5 20. Ne4 Bxf3 21. Nxc5 gxf6 22. Qxb2 Bxg2 23. b4 Qb5 24. Kxg2 f5 25. Rd1 Nd5 26. Rd4 Qe2 27. Qc1 f4 28. Rxf4 Nxf4+ 29. Qxf4 Qxc2 30. Nd7 Ra8 31. Nf6+ Kh8 32. Qd4 Qg6 33. g4 h6 34. h4 Kg7 35. Nh5+ Kg8 36. Nf6+ Kg7 37. Nh5+ Kg8 38. Nf6+ 1/2-1/2

[Event "BUL-chT-B 62nd"]
[Site "Sunny Beach"]
[Date "2012.09.23"]
[Round "5.4"]
[White "Dobrev, Nayden"]
[Black "Bunis, Vassilis"]
[Result "1-0"]
[WhiteElo "2291"]
[BlackElo "2266"]
[PlyCount "135"]
[EventDate "2012.09.19"]
[EventType "team-swiss"]
[EventRounds "7"]
[EventCountry "BUL"]
[SourceTitle "CBM 150 Extra"]
[Source "ChessBase"]
[SourceDate "2012.10.19"]
[SourceVersion "1"]
[SourceVersionDate "2012.10.19"]
[SourceQuality "1"]
[WhiteTeam "Dobrich Energiya 21"]
[BlackTeam "Shumen 2005"]
[WhiteTeamCountry "BUL"]
[BlackTeamCountry "BUL"]

1. d4 Nf6 2. Bg5 Ne4 3. h4 c5 4. d5 Qb6 5. Qc1 e6 6. dxe6 dxe6 7. e3 Nc6 8. Bd3 Nd6 9. c3 e5 10. e4 Be6 11. Nd2 Na5 12. Ngf3 f6 13. Be3 Nac4 14. Nxc4 Nxc4 15. b3 Nxe3 16. Qxe3 Qa5 17. 0-0 Be7 18. Nd2 0-0 19. Bc4 Bxc4 20. Nxc4 Qa6 21. Qh3 Rfd8 22. Rfd1 Qc6 23. Qf3 Rxd1+ 24. Rxd1 Rd8 25. Ne3 Rxd1+ 26. Qxd1 g6 27. Nd5 Kf7 28. c4 Bf8 29. Qd2 b6 30. a4 Qd7 31. g3 h5 32. Kg2 Be7 33. Qc1 f5 34. Qc3 Bd6 35. Qf3 Kg7 36. exf5 Qxf5 37. Ne3 Qxf3+ 38. Kxf3 Kf6 39. Ke4 Ke6 40. Nf1 Be7 41. Nd2 g5 42. hxg5 Bxg5 43. Nf3 Bf6 44. Ne1 h4 45. gxh4 Bxh4 46. Nd3 Bf6 47. a5 bxa5 48. Nxc5+ Kd6 49. Kf5 Bg7 50. Ne4+ Kc6 51. Kg6 Bf8 52. Kf6 Bc5 53. Nxc5 Kxc5 54. Kxe5 Kb4 55. c5 Kxc5 56. f4 Kb4 57. f5 Kxb3 58. f6 a4 59. f7 a3 60. f8Q a2 61. Qf1 Kb2 62. Qe2+ Kb1 63. Qd1+ Kb2 64. Qd2+ Kb1 65. Qb4+ Kc2 66. Qa3 Kb1 67. Qb3+ Ka1 68. Kd4 1-0

[Event "Albena Masters op"]
[Site "Albena"]
[Date "2012.05.29"]
[Round "4"]
[White "Dobrev, Nayden"]
[Black "Spasov, Vasil"]
[Result "0-1"]
[WhiteElo "2289"]
[BlackElo "2570"]
[PlyCount "62"]
[EventDate "2012.05.26"]
[EventType "swiss"]
[EventRounds "9"]
[EventCountry "BUL"]
[SourceTitle "CBM 148 Extra"]
[Source "ChessBase"]
[SourceDate "2012.06.22"]
[SourceVersion "1"]
[SourceVersionDate "2012.06.22"]
[SourceQuality "1"]

1. d4 d6 2. c4 g6 3. Nc3 Bg7 4. e4 Nf6 5. f3 0-0 6. Be3 a6 7. Qd2 Nbd7 8. 0-0-0 b5 9. h4 c5 10. dxc5 Ne5 11. cxd6 bxc4 12. f4 Nd3+ 13. Bxd3 cxd3 14. Qxd3 exd6 15. Qxd6 Qe8 16. e5 Ng4 17. Bc5 Bf5 18. Nf3 Qc8 19. Nd4 Re8 20. Nxf5 Qxf5 21. g3 Nxe5 22. Rhe1 Nd3+ 23. Qxd3 Rxe1 24. Qxf5 Rxd1+ 25. Nxd1 gxf5 26. Ne3 Rc8 27. b4 Bd4 28. Nc2 Bxc5 29. bxc5 Rxc5 30. a3 Kg7 31. Kd2 Kg6 0-1

[Event "Albena Masters op"]
[Site "Albena"]
[Date "2012.05.28"]
[Round "3"]
[White "Ashwin, Jayaram"]
[Black "Dobrev, Nayden"]
[Result "0-1"]
[WhiteElo "2471"]
[BlackElo "2289"]
[PlyCount "70"]
[EventDate "2012.05.26"]
[EventType "swiss"]
[EventRounds "9"]
[EventCountry "BUL"]
[SourceTitle "CBM 148 Extra"]
[Source "ChessBase"]
[SourceDate "2012.06.22"]
[SourceVersion "1"]
[SourceVersionDate "2012.06.22"]
[SourceQuality "1"]

1. d4 Nf6 2. c4 d6 3. Nf3 g6 4. Nc3 Bf5 5. Qb3 b6 6. g3 c5 7. Nh4 Bd7 8. d5 Bg7 9. Bg2 0-0 10. 0-0 Na6 11. e4 Rb8 12. f4 b5 13. cxb5 Bxb5 14. Nxb5 Nc7 15. a4 a6 16. Re1 axb5 17. a5 b4 18. Nf3 Qc8 19. Qc4 Rd8 20. Bf1 Qb7 21. Kh1 h6 22. Qb3 Kh7 23. Bc4 Nb5 24. Qd3 Nd7 25. Re2 Nd4 26. Nxd4 cxd4 27. Ba6 Qa7 28. Bb5 Nc5 29. Qc4 d3 30. Re1 Rdc8 31. Bc6 e6 32. Rd1 exd5 33. exd5 Qe7 34. Bd2 Qe2 35. a6 Nb3 0-1

[Event "BUL-ch sf 76th"]
[Site "Plovdiv"]
[Date "2012.02.12"]
[Round "9"]
[White "Ibryamov, Ilhan"]
[Black "Dobrev, Nayden"]
[Result "0-1"]
[WhiteElo "2115"]
[BlackElo "2256"]
[PlyCount "80"]
[EventDate "2012.02.06"]
[EventType "swiss"]
[EventRounds "9"]
[EventCountry "BUL"]
[SourceTitle "CBM 146 Extra"]
[Source "ChessBase"]
[SourceDate "2012.02.29"]
[SourceVersion "1"]
[SourceVersionDate "2012.02.29"]
[SourceQuality "1"]

1. d4 Nf6 2. c4 d6 3. Nc3 e5 4. dxe5 dxe5 5. Qxd8+ Kxd8 6. Bg5 c6 7. Nf3 Nbd7 8. 0-0-0 Kc7 9. a3 a5 10. e3 Ng4 11. Bh4 f6 12. Bd3 Nc5 13. Bc2 Be6 14. b3 h5 15. h3 Nh6 16. Kb2 Nf5 17. Bxf5 Bxf5 18. Bg3 Bd6 19. Ne1 h4 20. Bh2 Ra6 21. Na2 Rb6 22. b4 axb4 23. axb4 Na6 24. Nc2 Bxc2 25. Kxc2 Nxb4+ 26. Nxb4 Rxb4 27. Kc3 Ra4 28. Rb1 Ra3+ 29. Rb3 Rha8 30. Rhb1 b5 31. cxb5 cxb5 32. e4 Rxb3+ 33. Rxb3 Ra1 34. Rxb5 Rh1 35. Ra5 g5 36. Ra7+ Kd8 37. Rf7 Rxh2 38. Rxf6 Be7 39. Rf3 Kd7 40. Kc4 Ke6 0-1

[Event "BUL-ch sf 76th"]
[Site "Plovdiv"]
[Date "2012.02.11"]
[Round "8"]
[White "Andreev, Sasho"]
[Black "Dobrev, Nayden"]
[Result "1-0"]
[WhiteElo "2201"]
[BlackElo "2256"]
[PlyCount "89"]
[EventDate "2012.02.06"]
[EventType "swiss"]
[EventRounds "9"]
[EventCountry "BUL"]
[SourceTitle "CBM 146 Extra"]
[Source "ChessBase"]
[SourceDate "2012.02.29"]
[SourceVersion "1"]
[SourceVersionDate "2012.02.29"]
[SourceQuality "1"]

1. d4 Nf6 2. c4 d6 3. Nf3 g6 4. Nc3 Bf5 5. Qb3 b6 6. h3 h5 7. Nh4 Bd7 8. e4 Nc6 9. Nf3 Na5 10. Qc2 c5 11. d5 Bg7 12. Bf4 0-0 13. Rd1 a6 14. a4 Nb7 15. Bd3 Qc7 16. 0-0 Rae8 17. Rfe1 Bc8 18. e5 dxe5 19. Nxe5 Nd6 20. Nxf7 Rxf7 21. Bxg6 Rff8 22. Re3 Qb7 23. Rg3 h4 24. Rg5 Rd8 25. Ne2 Nf7 26. Bxf7+ Rxf7 27. Be5 Nh7 28. Rxg7+ Rxg7 29. Bxg7 Kxg7 30. Nf4 Rd6 31. Re1 Ng5 32. Re5 Nf7 33. Rh5 Rf6 34. Qh7+ Kf8 35. Ng6+ Ke8 36. Qg8+ Kd7 37. Rh7 Qc7 38. Rxf7 Rxf7 39. Qxf7 Qd6 40. Nxh4 Qh6 41. Ng6 Qg5 42. h4 Qc1+ 43. Kh2 Qe1 44. h5 Qe2 45. Qe6+ 1-0

[Event "BUL-ch sf 76th"]
[Site "Plovdiv"]
[Date "2012.02.09"]
[Round "5"]
[White "Dobrev, Nayden"]
[Black "Dimitrov, Dejan"]
[Result "1-0"]
[WhiteElo "2256"]
[BlackElo "2104"]
[PlyCount "81"]
[EventDate "2012.02.06"]
[EventType "swiss"]
[EventRounds "9"]
[EventCountry "BUL"]
[SourceTitle "CBM 146 Extra"]
[Source "ChessBase"]
[SourceDate "2012.02.29"]
[SourceVersion "1"]
[SourceVersionDate "2012.02.29"]
[SourceQuality "1"]

1. d4 e6 2. c4 Nf6 3. a3 d5 4. Nc3 Be7 5. Bf4 0-0 6. e3 a6 7. c5 Nbd7 8. Bd3 c6 9. b4 b6 10. Nf3 a5 11. 0-0 Ba6 12. Bxa6 Rxa6 13. b5 cxb5 14. c6 b4 15. axb4 Bxb4 16. Na2 Be7 17. cxd7 Qxd7 18. Qd3 Raa8 19. Rfb1 Bd8 20. Nc3 Bc7 21. Ne5 Qc8 22. Na4 Qb7 23. Qb5 Rab8 24. Nc5 Qc8 25. Na6 Rb7 26. Nxc7 Rxc7 27. Qxb6 Rc2 28. Nd3 Ne4 29. Rc1 Qc3 30. Rxc2 Qxc2 31. Qb1 Qd2 32. Qd1 Qc3 33. Rc1 Qa3 34. h3 Nc3 35. Qd2 Rc8 36. Kh2 h6 37. f3 a4 38. Bg3 Rc4 39. Nb2 Rc8 40. Nd1 Qb3 41. Rxc3 1-0

[Event "BUL-ch sf 76th"]
[Site "Plovdiv"]
[Date "2012.02.08"]
[Round "4"]
[White "Genov, Petar"]
[Black "Dobrev, Nayden"]
[Result "1-0"]
[WhiteElo "2463"]
[BlackElo "2256"]
[PlyCount "69"]
[EventDate "2012.02.06"]
[EventType "swiss"]
[EventRounds "9"]
[EventCountry "BUL"]
[SourceTitle "CBM 146 Extra"]
[Source "ChessBase"]
[SourceDate "2012.02.29"]
[SourceVersion "1"]
[SourceVersionDate "2012.02.29"]
[SourceQuality "1"]

1. d4 Nf6 2. c4 d6 3. Nc3 e5 4. Nf3 Nc6 5. d5 Ne7 6. e4 g6 7. c5 Bg7 8. cxd6 cxd6 9. Be2 0-0 10. Nd2 Ne8 11. 0-0 f5 12. f3 f4 13. Nc4 g5 14. Bd2 Ng6 15. Nb5 h5 16. Rc1 Rf7 17. Be1 Bf8 18. Bf2 b6 19. a4 Rg7 20. Kh1 g4 21. fxg4 Nh4 22. Bxh4 Qxh4 23. gxh5 Nf6 24. Nbxd6 Ng4 25. Bxg4 Bxg4 26. Nf5 Qg5 27. Qxg4 Qxg4 28. Nh6+ Kh7 29. Nxg4 Rxg4 30. Nxe5 Rg5 31. Rc7+ Kg8 32. Ng6 Bc5 33. e5 Rxh5 34. d6 Rg5 35. d7 1-0

[Event "Plovdiv Tringov Memorial 34th"]
[Site "Plovdiv"]
[Date "2012.02.04"]
[Round "8"]
[White "Indjic, Aleksandar"]
[Black "Dobrev, Nayden"]
[Result "1-0"]
[WhiteElo "2427"]
[BlackElo "2256"]
[PlyCount "119"]
[EventDate "2012.01.29"]
[EventType "swiss"]
[EventRounds "9"]
[EventCountry "BUL"]
[SourceTitle "CBM 146 Extra"]
[Source "ChessBase"]
[SourceDate "2012.02.29"]
[SourceVersion "1"]
[SourceVersionDate "2012.02.29"]
[SourceQuality "1"]

1. d4 Nf6 2. c4 d6 3. Nc3 e5 4. g3 Nc6 5. d5 Ne7 6. Bg2 g6 7. e4 Bg7 8. Nge2 0-0 9. 0-0 Nd7 10. Be3 f5 11. Qd2 Nf6 12. f3 h5 13. Bg5 Nh7 14. Bh6 Bxh6 15. Qxh6 g5 16. f4 g4 17. fxe5 dxe5 18. exf5 Bxf5 19. Qe3 Ng6 20. Ne4 Kg7 21. N2c3 Qe7 22. c5 Rae8 23. d6 Qd7 24. dxc7 Bxe4 25. Bxe4 Qxc7 26. Nb5 Qd8 27. Bxg6 Kxg6 28. Nd6 Ng5 29. h4 Nf3+ 30. Kg2 Re6 31. Qe4+ Kh6 32. Rad1 Qf6 33. Qe3+ Kg6 34. Ne4 Qf5 35. Rf2 b6 36. b4 bxc5 37. bxc5 Ra6 38. Kh1 Re6 39. a3 a5 40. a4 Rb8 41. Kg2 Rc6 42. Nd6 Rxd6 43. Rxd6+ Kf7 44. c6 Rb1 45. Qa7+ Ke8 46. Qd7+ Qxd7 47. cxd7+ Kd8 48. Re2 Rb8 49. Kf2 Ke7 50. d8Q+ Rxd8 51. Rxd8 Kxd8 52. Rc2 Kd7 53. Rc5 Ke6 54. Rxa5 Kf5 55. Ke3 Nd4 56. Rc5 Nb3 57. Rc6 Na5 58. Rh6 Nc4+ 59. Ke2 Ke4 60. Rxh5 1-0

[Event "Plovdiv Tringov Memorial 34th"]
[Site "Plovdiv"]
[Date "2012.02.03"]
[Round "7"]
[White "Dobrev, Nayden"]
[Black "Pantev, Veselin"]
[Result "1/2-1/2"]
[WhiteElo "2256"]
[BlackElo "2389"]
[PlyCount "56"]
[EventDate "2012.01.29"]
[EventType "swiss"]
[EventRounds "9"]
[EventCountry "BUL"]
[SourceTitle "CBM 146 Extra"]
[Source "ChessBase"]
[SourceDate "2012.02.29"]
[SourceVersion "1"]
[SourceVersionDate "2012.02.29"]
[SourceQuality "1"]

1. d4 e6 2. c4 Nf6 3. Nf3 Bb4+ 4. Nbd2 b6 5. g3 Bb7 6. Bg2 0-0 7. 0-0 Re8 8. a3 Bxd2 9. Bxd2 d6 10. Bf4 Nbd7 11. Qc2 a5 12. b4 Be4 13. Qb2 Qb8 14. Nh4 Bxg2 15. Nxg2 axb4 16. axb4 Qb7 17. f3 b5 18. c5 e5 19. dxe5 dxe5 20. Rxa8 Qxa8 21. Bd2 e4 22. Bc3 exf3 23. exf3 h6 24. Kf2 Qd5 25. Nf4 Qf5 26. c6 Ne5 27. Bxe5 Rxe5 28. Qb1 Qxb1 1/2-1/2

[Event "BUL-chT2"]
[Site "Albena"]
[Date "2011.06.05"]
[Round "6.4"]
[White "Dobrev, Nayden"]
[Black "Stoynov, Ivan"]
[Result "0-1"]
[WhiteElo "2235"]
[BlackElo "2304"]
[PlyCount "116"]
[EventDate "2011.06.02"]
[EventType "team-tourn"]
[EventRounds "9"]
[EventCountry "BUL"]
[SourceTitle "CBM 142 Extra"]
[Source "ChessBase"]
[SourceDate "2011.06.27"]
[SourceVersion "1"]
[SourceVersionDate "2011.06.27"]
[SourceQuality "1"]
[WhiteTeam "Shumen 2005"]
[BlackTeam "Sofia Slavia"]
[WhiteTeamCountry "BUL"]
[BlackTeamCountry "BUL"]

1. d4 c5 2. d5 e5 3. Nc3 d6 4. f4 exf4 5. Bxf4 Nf6 6. e4 Be7 7. e5 dxe5 8. Bxe5 0-0 9. Qd2 Bd6 10. Bxd6 Qxd6 11. 0-0-0 a6 12. Nge2 Bg4 13. h3 Bxe2 14. Bxe2 b5 15. Bf3 Nbd7 16. Kb1 Rfe8 17. Rhe1 Nb6 18. Qd3 Rad8 19. Ne4 Nxe4 20. Rxe4 Nc4 21. c3 g6 22. g4 Rxe4 23. Qxe4 Qh2 24. Bg2 Nd6 25. Qf3 Re8 26. Rf1 Qe5 27. a3 a5 28. Qf2 Qe2 29. Qxe2 Rxe2 30. Bf3 Rh2 31. Rh1 Rf2 32. Bd1 Rd2 33. Bf3 a4 34. Kc1 Rf2 35. Bd1 Kf8 36. h4 h6 37. Re1 g5 38. hxg5 hxg5 39. Re5 Nc4 40. Rxg5 Ke7 41. b3 axb3 42. Bxb3 Nb6 43. Rh5 c4 44. Bc2 Kd6 45. Be4 Rf4 46. Bh1 Rxg4 47. Kd2 Nd7 48. Bf3 Rg3 49. Be4 Nc5 50. Rh6+ Ke5 51. Bh1 f6 52. Kc2 Rd3 53. Rh8 f5 54. Re8+ Kf4 55. Rh8 Na4 56. Rd8 Rxc3+ 57. Kb1 Rh3 58. Bg2 Rg3 0-1

[Event "Belogradchik op"]
[Site "Belogradchik"]
[Date "2010.09.08"]
[Round "4"]
[White "Dobrev, Nayden"]
[Black "Ilchev, Plamen"]
[Result "1-0"]
[WhiteElo "2206"]
[BlackElo "2118"]
[PlyCount "57"]
[EventDate "2010.09.06"]
[EventType "swiss"]
[EventRounds "5"]
[EventCountry "BUL"]
[SourceTitle "CBM 138 Extra"]
[Source "ChessBase"]
[SourceDate "2010.10.29"]
[SourceVersion "1"]
[SourceVersionDate "2010.10.29"]
[SourceQuality "1"]

1. d4 Nf6 2. Bg5 e6 3. e4 h6 4. Bxf6 Qxf6 5. c3 c5 6. Nf3 cxd4 7. cxd4 Bb4+ 8. Nc3 0-0 9. Bd3 Qe7 10. 0-0 d6 11. Rc1 Ba5 12. e5 d5 13. Bb1 Nc6 14. Qd3 g6 15. h4 Kh7 16. h5 Rg8 17. Ne2 Bd7 18. Nf4 Be8 19. g3 Bd8 20. Kg2 Qd7 21. Rh1 Ne7 22. hxg6+ Nxg6 23. Qe3 Rg7 24. Nxg6 fxg6 25. Qxh6+ Kg8 26. Qh8+ Kf7 27. Rh7 Rxh7 28. Qxh7+ Kf8 29. Qh8+ 1-0

[Event "Albena op"]
[Site "Albena"]
[Date "2010.06.09"]
[Round "7"]
[White "Dobrev, Nayden"]
[Black "Bolt, Graham"]
[Result "1-0"]
[WhiteElo "2179"]
[BlackElo "2083"]
[PlyCount "81"]
[EventDate "2010.06.03"]
[EventType "swiss"]
[EventRounds "9"]
[EventCountry "BUL"]
[SourceTitle "CBM 136 Extra"]
[Source "ChessBase"]
[SourceDate "2010.07.02"]
[SourceVersion "2"]
[SourceVersionDate "2010.07.15"]
[SourceQuality "1"]

1. d4 g6 2. e4 Bg7 3. Nc3 d6 4. Be3 a6 5. Qd2 b5 6. 0-0-0 e6 7. g4 h6 8. h4 Bb7 9. f3 Nd7 10. Nge2 Nb6 11. b3 Ne7 12. Ng3 b4 13. Nb1 a5 14. Bg2 Nc6 15. g5 h5 16. f4 d5 17. f5 Qd7 18. fxg6 fxg6 19. Ne2 Ne7 20. e5 0-0-0 21. Nf4 Rhf8 22. Bh3 Rxf4 23. Bxf4 Ba6 24. a3 bxa3 25. Qxa5 Be2 26. Rd2 Rf8 27. Be3 Bg4 28. Bf1 Nc6 29. Qxa3 Rf3 30. Rd3 Kb8 31. Nd2 Bf8 32. Qa1 Rf7 33. Rc3 Bb4 34. Bb5 Bxc3 35. Qxc3 Kb7 36. Kb2 Rf8 37. Ra1 Ra8 38. Rxa8 Nxa8 39. b4 Nb6 40. Nb3 Qe8 41. Bxc6+ 1-0

[Event "Albena op"]
[Site "Albena"]
[Date "2010.06.06"]
[Round "4"]
[White "Nikolova, Adriana"]
[Black "Dobrev, Nayden"]
[Result "1-0"]
[WhiteElo "2348"]
[BlackElo "2179"]
[PlyCount "77"]
[EventDate "2010.06.03"]
[EventType "swiss"]
[EventRounds "9"]
[EventCountry "BUL"]
[SourceTitle "CBM 136 Extra"]
[Source "ChessBase"]
[SourceDate "2010.07.02"]
[SourceVersion "2"]
[SourceVersionDate "2010.07.15"]
[SourceQuality "1"]

1. e4 c5 2. Nf3 e6 3. c3 d5 4. exd5 exd5 5. d4 Nf6 6. Bb5+ Bd7 7. Bxd7+ Nbxd7 8. 0-0 Be7 9. dxc5 Nxc5 10. Nd4 0-0 11. Nf5 Ne6 12. Nxe7+ Qxe7 13. Na3 Rac8 14. Be3 a6 15. Nc2 Rc4 16. h3 b5 17. Qf3 b4 18. Nxb4 d4 19. Bd2 dxc3 20. bxc3 Ne4 21. Rfd1 a5 22. Nd5 Qh4 23. Be1 Rc5 24. Qg4 Qxg4 25. hxg4 a4 26. f3 Nf6 27. Ne3 h5 28. gxh5 Rxh5 29. c4 Nf4 30. Kf2 Re8 31. Bc3 Rh6 32. Rd2 N6h5 33. Rad1 Rhe6 34. Bd4 Rg6 35. g4 Nh3+ 36. Kg2 N5f4+ 37. Kg3 Ne6 38. Nf5 Nhf4 39. c5 1-0

[Event "BUL-chT-B 60th"]
[Site "Albena"]
[Date "2010.06.01"]
[Round "8.4"]
[White "Ivanov, Borislav"]
[Black "Dobrev, Nayden"]
[Result "0-1"]
[WhiteElo "2173"]
[BlackElo "2179"]
[PlyCount "42"]
[EventDate "2010.05.27"]
[EventType "team-tourn"]
[EventRounds "9"]
[EventCountry "BUL"]
[SourceTitle "CBM 136 Extra"]
[Source "ChessBase"]
[SourceDate "2010.07.02"]
[SourceVersion "2"]
[SourceVersionDate "2010.07.15"]
[SourceQuality "1"]
[WhiteTeam "Blagoevgrad Victory"]
[BlackTeam "Dobrich Albena"]
[WhiteTeamCountry "BUL"]
[BlackTeamCountry "BUL"]

1. d4 Nf6 2. c4 d6 3. Nf3 g6 4. Nc3 Bf5 5. Nh4 Bd7 6. e4 e5 7. Nf3 Nc6 8. d5 Ne7 9. c5 Bg7 10. cxd6 cxd6 11. Be2 0-0 12. 0-0 h6 13. Qb3 b5 14. Nd2 Rb8 15. a4 b4 16. Nb5 Bc8 17. Qe3 Rb7 18. Bc4 Ne8 19. f4 a6 20. fxe5 dxe5 21. Qg3 Bd7 0-1

[Event "BUL-chT-B 60th"]
[Site "Albena"]
[Date "2010.05.29"]
[Round "4.2"]
[White "Dimov, Dian"]
[Black "Dobrev, Nayden"]
[Result "1-0"]
[WhiteElo "2301"]
[BlackElo "2179"]
[PlyCount "37"]
[EventDate "2010.05.27"]
[EventType "team-tourn"]
[EventRounds "9"]
[EventCountry "BUL"]
[SourceTitle "CBM 136 Extra"]
[Source "ChessBase"]
[SourceDate "2010.07.02"]
[SourceVersion "2"]
[SourceVersionDate "2010.07.15"]
[SourceQuality "1"]
[WhiteTeam "Abritus"]
[BlackTeam "Dobrich Albena"]
[WhiteTeamCountry "BUL"]
[BlackTeamCountry "BUL"]

1. e4 c5 2. Nf3 e6 3. c3 d5 4. e5 Nc6 5. d4 Bd7 6. a3 c4 7. Bg5 Qc7 8. Nbd2 f6 9. exf6 gxf6 10. Bh4 Na5 11. Ne5 Ke7 12. g3 Be8 13. Bh3 Rd8 14. 0-0 Rd6 15. f4 Nh6 16. Qe2 Rg8 17. Rad1 Qb6 18. f5 Qxb2 19. Bxf6+ 1-0

[Event "BUL-chT-B Group qual final"]
[Site "Sofia"]
[Date "2010.02.21"]
[Round "1.6"]
[White "Dobrev, Nayden"]
[Black "Kamenov, Gerasim"]
[Result "0-1"]
[WhiteElo "2184"]
[BlackElo "2104"]
[PlyCount "95"]
[EventDate "2010.02.21"]
[EventType "team-match"]
[EventRounds "1"]
[EventCountry "BUL"]
[SourceTitle "CBM 135 Extra"]
[Source "ChessBase"]
[SourceDate "2010.05.04"]
[SourceVersion "1"]
[SourceVersionDate "2010.05.04"]
[SourceQuality "1"]
[WhiteTeam "Dobrich Albena"]
[BlackTeam "Sofia Slavia"]
[WhiteTeamCountry "BUL"]
[BlackTeamCountry "BUL"]

1. d4 Nf6 2. Bg5 d5 3. Nc3 h6 4. Bh4 Bf5 5. f3 Bh7 6. e3 e6 7. Bd3 Bxd3 8. cxd3 Be7 9. Qb3 b6 10. Rc1 c6 11. Nge2 0-0 12. 0-0 Nbd7 13. Na4 b5 14. Nc5 Nxc5 15. dxc5 Nd7 16. Bxe7 Qxe7 17. Nd4 Rfc8 18. Qc3 e5 19. Nf5 Qf6 20. e4 Kh7 21. Nd6 d4 22. Qa5 Rd8 23. b4 Nb6 24. Rc2 Nc8 25. Nb7 Rd7 26. Qa6 Qe6 27. Na5 Rc7 28. Re2 Rb8 29. Nb3 Rd7 30. f4 exf4 31. Rxf4 Ne7 32. e5 Rbd8 33. Rfe4 g5 34. Qa3 Nf5 35. Rf2 Kg7 36. g4 Nh4 37. Rf6 Qe7 38. Rxc6 Nf3+ 39. Kg2 Nxe5 40. Nd2 Nxc6 41. Rxe7 Rxe7 42. Ne4 Rxe4 43. dxe4 d3 44. Qc3+ f6 45. Qd2 Ne5 46. c6 Nxc6 47. h4 Ne5 48. h5 0-1

[Event "Albena op"]
[Site "Albena"]
[Date "2009.06.26"]
[Round "7"]
[White "Dobrev, Nayden"]
[Black "Komarov, Dimitri"]
[Result "1/2-1/2"]
[WhiteElo "2137"]
[BlackElo "2530"]
[PlyCount "69"]
[EventDate "2009.06.20"]
[EventType "swiss"]
[EventRounds "9"]
[EventCountry "BUL"]
[SourceTitle "CBM 130 Extra"]
[Source "ChessBase"]
[SourceDate "2009.07.02"]
[SourceVersion "2"]
[SourceVersionDate "2009.07.15"]
[SourceQuality "1"]

1. d4 e6 2. c4 b6 3. Nf3 Bb7 4. g3 Bb4+ 5. Bd2 Bxf3 6. exf3 Bxd2+ 7. Qxd2 d5 8. Bg2 Ne7 9. 0-0 0-0 10. f4 c6 11. b3 Nd7 12. Nc3 Nf5 13. Rfd1 Qf6 14. Rac1 Rac8 15. Na4 dxc4 16. bxc4 c5 17. d5 e5 18. Nc3 Nd6 19. Ne4 Nxe4 20. Bxe4 exf4 21. Qxf4 Qxf4 22. gxf4 Rfe8 23. Bf5 Rcd8 24. Bxd7 Rxd7 25. Re1 Kf8 26. Rxe8+ Kxe8 27. Re1+ Kd8 28. a4 Kc7 29. f3 Kb7 30. Rb1 Ka6 31. Rb5 Rd6 32. Kf2 Rh6 33. Kg3 Rg6+ 34. Kf2 Rh6 35. Kg3 1/2-1/2

[Event "Albena op"]
[Site "Albena"]
[Date "2009.06.24"]
[Round "5"]
[White "Dobrev, Nayden"]
[Black "Dobrev, Nanko"]
[Result "1-0"]
[WhiteElo "2137"]
[BlackElo "2366"]
[PlyCount "83"]
[EventDate "2009.06.20"]
[EventType "swiss"]
[EventRounds "9"]
[EventCountry "BUL"]
[SourceTitle "CBM 130 Extra"]
[Source "ChessBase"]
[SourceDate "2009.07.02"]
[SourceVersion "2"]
[SourceVersionDate "2009.07.15"]
[SourceQuality "1"]

1. d4 d5 2. c4 e6 3. Nc3 Be7 4. Nf3 Nf6 5. Bg5 0-0 6. e3 h6 7. Bh4 b6 8. Rc1 Bb7 9. Bxf6 Bxf6 10. cxd5 exd5 11. Bd3 Nd7 12. 0-0 c6 13. Bf5 Re8 14. b4 Nf8 15. a4 g6 16. Bd3 a5 17. bxa5 Rxa5 18. Qb3 Nd7 19. e4 c5 20. Nxd5 Bxd5 21. Qxd5 cxd4 22. Bb5 Nc5 23. Bxe8 Qxe8 24. Qd6 Nxe4 25. Qxb6 Rxa4 26. Rfe1 Kg7 27. Qb1 d3 28. Qxd3 Qe6 29. Qc2 Rb4 30. Nd2 Rb2 31. Qxe4 Rxd2 32. Qxe6 fxe6 33. Rxe6 Bd4 34. Rf1 h5 35. h4 Kf7 36. Re4 Rd3 37. Kh2 Rd2 38. g3 Kg7 39. Kg2 Bc5 40. Rf4 Be3 41. Rf3 Bd4 42. Rc1 1-0